|
|
|
|
| LEADER |
00000nab#a22000007a#4500 |
| 001 |
arbauad004648 |
| 003 |
AR-BaUAD |
| 005 |
20250711110643.0 |
| 008 |
940708|||||||||###||||||b###|0###a|spa|| |
| 040 |
|
|
|a AR-BaUAD
|c AR-BaUAD
|b spa
|
| 100 |
|
|
|a Montani, Juan Augusto
|
| 245 |
|
|
|a El saneamiento de la cuenca del río Matanza-Riachuelo /
|c Juan Augusto Montani;
|
| 300 |
0 |
|
|b mapas
|
| 653 |
|
|
|a URBANISMO
|
| 653 |
|
|
|a MEDIO AMBIENTE
|
| 653 |
|
|
|a SANEAMIENTO HIDRICO
|
| 653 |
|
|
|a RIOS
|
| 653 |
|
|
|a CEAMSE
|
| 653 |
|
|
|a RIO MATANZA-RIACHUELO
|
| 773 |
0 |
|
|t SUMMA
|g no. 161 [abr. 1981], p. 74-75
|
| 942 |
|
|
|c ARTI
|
| 952 |
|
|
|0 0
|1 0
|4 0
|7 0
|9 49568
|a AR-BAuAD
|b AR-BAuAD
|d 2025-07-11
|l 0
|p AAQA004648
|r 2025-07-11 11:06:43
|w 2025-07-11
|y ARTI
|
| 990 |
|
|
|a U198
|b TD
|
| 998 |
|
|
|a AAQ
|b BIBUN76
|
| 999 |
|
|
|c 29241
|d 29241
|